00519nam a2200181 a 4500001001300000003000900013005001700022008004100039020002300080082001500103100002100118245005700139260004900196300000900245500003500254505001700289650003100306nice12345678IN_TiNIC20260116013957.0050524s1993 mica grd 000 0 eng  a0310004 c55200a291.9bMAT aMather, George A aDictionary of Cults, Sects, Religions and the Occult aMichigan bZondervan Publishing House c1993 a384p aincludes index and biblioraphy2 abibliography aComparative Religion-Cults